Southville International School and Colleges
Your cart is empty.
  • Cart
  • Lists
    Public lists Eva Luna New books Lux_list list_1
    Your lists Log in to create your own lists
  • Log in to your account
  • Your cookies
  • Search history
Southville International School and Colleges
  • Advanced search
  • Recent comments
  • Most popular
  • Libraries

Log in to your account

Log in with GOOGLE


If you do not have an external account, but do have a local account, you can still log in:

  1. Home
  2. MARC view: The essential guide to internal auditing /
Normal view MARC view ISBD view

The essential guide to internal auditing / (Record no. 118082)

[ view plain ]
MARC details
000 -LEADER
fixed length control field 00512nam a2200181Ia 4500
008 - FIXED-LENGTH DATA ELEMENTS--GENERAL INFORMATION
fixed length control field 140609s9999 xx 000 0 und d
020 ## - INTERNATIONAL STANDARD BOOK NUMBER
International Standard Book Number 9780470746936
050 ## - LIBRARY OF CONGRESS CALL NUMBER
Classification number HF 5668.25
Item number .P53155 2011
100 ## - MAIN ENTRY--PERSONAL NAME
Personal name Pickett, K. H. Spencer.
245 #4 - TITLE STATEMENT
Title The essential guide to internal auditing /
Statement of responsibility, etc K.H. Spencer Pickett
250 ## - EDITION STATEMENT
Edition statement 2nd ed.
260 ## - PUBLICATION, DISTRIBUTION, ETC. (IMPRINT)
Place of publication, distribution, etc Chichester :
Name of publisher, distributor, etc Wiley,
Date of publication, distribution, etc c2011.
300 ## - PHYSICAL DESCRIPTION
Extent 367 p. :
Other physical details ill. ;
Dimensions 25 cm.
500 ## - GENERAL NOTE
General note Includes index.
521 ## - TARGET AUDIENCE NOTE
Target audience note
942 ## - ADDED ENTRY ELEMENTS (KOHA)
Call number prefix Foreign
Koha item type Books
Holdings
Withdrawn status Lost status Source of classification or shelving scheme Damaged status Home library Current library Shelving location Date acquired Source of acquisition Total Checkouts Full call number Barcode Date last seen Price effective from Koha item type
    Library of Congress Classification   College Library College Library General Circulation Section 06/09/2014 Donation   HF 5668.25 .P53155 2011 C18370 05/15/2018 06/09/2014 Books

The essential guide to internal auditing /

APA

Pickett K. H. S., . (2011). The essential guide to internal auditing. Chichester: Wiley.

Chicago

Pickett K H Spencer, . 2011. The essential guide to internal auditing. Chichester: Wiley.

Harvard

Pickett K. H. S., . (2011). The essential guide to internal auditing. Chichester: Wiley.

MLA

Pickett K H Spencer, . The essential guide to internal auditing. Chichester: Wiley. 2011.

  • Place hold
  • Print
  • Cite
  • Add to your cart (remove)
  • Save record
    BIBTEX Dublin Core MARCXML MARC (non-Unicode/MARC-8) MARC (Unicode/UTF-8) MARC (Unicode/UTF-8, Standard) MODS (XML) RIS
  • More searches
    Search for this title in:
    Other Libraries (WorldCat) Other Databases (Google Scholar) Online Stores (Bookfinder.com) Open Library (openlibrary.org)

Exporting to Dublin Core...

SOUTHVILLE LIBRARY

Southville International School and Colleges Library

1281 Tropical Ave. Cor. Luxembourg St., BF Homes International, Las Pinas City

Tel. No. 8256374 / 252358 Loc. 117/146

Powered by Koha